| 000 | 01396cam a22003135a 4500 | ||
|---|---|---|---|
| 001 | L141639 | ||
| 008 | 071207s2007 xxkd f 000 0 eng d | ||
| 020 | _a9781848060210 | ||
| 035 | _a(Sirsi) u141639 | ||
| 041 | 0 | _aeng | |
| 050 | 0 | 4 | _a621.45 $2 18 |
| 100 | 1 | _aPhillips, Richard | |
| 245 | 0 | 0 |
_aMicro-wind turbines in urban environments _ban assessment |
| 260 |
_aGarston _bBRE _c2007 |
||
| 300 |
_a47p. _c30cm. |
||
| 350 | _a30 | ||
| 520 | _aExamines the likely effectiveness of small wind turbines mounted on domestic buildings in urban environments. Compares estimates of the environmental impact of the turbines manufacture, installation and maintenance with the impact saved by the electricity that could be expected to be generated during their useful life. Reveals that in addition to the initial embodied carbon and efficiency of the turbine, the payback period is very sensitive to local wind conditions, transport costs, and the maintenance requirements and service life of the turbines. | ||
| 521 | 2 | _aAdvanced | |
| 590 | _aKA | ||
| 651 | 4 |
_aUnited Kingdom _y |
|
| 690 | _aENVIRONMENTAL AND LAND CONSULTANCY-ENERGY-RENEWABLE ENERGY | ||
| 700 | 1 | _aBlackmore, Paul | |
| 700 | 1 | _aAnderson, Jane | |
| 700 | 1 | _aClift, Michael | |
| 700 | 1 | _aAguilo-Rullan, Antonio | |
| 700 | 1 | _aPester, Steve | |
| 710 | 2 |
_aBuilding Research Establishment _bTrust _95092 |
|
| 942 | _n0 | ||
| 999 |
_c107717 _d107717 |
||